000 00891nam a2200265 i 4500
003 DO-SdBNP
005 20260321073646.0
007 ta
008 241217s1969 dr a 000 0 spa d
040 _aDO-SdBNP
_bspa
_cBNPHU
_erda
082 _bB742
_222
100 1 _a Bosch, Juan,
_d1909-2001
_eautor
_4aut.
_976555
245 1 0 _aTrujijohnson, Perez y Balaguer :
_buna pagina para la historia dominicana /
_cBosch, Juan
264 1 _aBenidorm, Alicante, España :
_b[FUSD],
_c1969.
300 _a14 páginas
_bilustraciones
_c18 cm.
336 _atexto
_btxt
_2rdacontent
337 _asin mediación
_bn
_2rdamedia
338 _avolumen
_bnc
_2rdacarrier
590 _aInventariado, 2024/ YL
650 0 _aPoesía dominicana
_9176
650 0 _aLiteratura dominicana.
_967
710 1 _aFrente Universitario Socialista Democrático (FUSD)
_986871
910 _aYLockward
942 _2ddc
_cLF2
999 _c57961
_d57961